000 002410000a22000970004500
245 1 0 _aLa Biblia en el mundo
300 _aVol.43, núm.182 (1988), Páginas 25-28
650 1 4 _aBIBLIA-MUNDO
773 0 _tLa Biblia en las Américas
942 _cANA
999 _c62860
_d62860